000 00443nam a22001577a 4500
005 20180710170524.0
020 _a8170999839
_c00
035 _aB-160902, B-160900
037 _aDPL
_bENG
100 _aChadha, D. S.
245 _aClassroom teaching and management /
_cby D. S. Chadha
250 _a1st ed.
260 _aNew Delhi
_bMittal Publications
_c2004
300 _av, 175p.
_c20 cms.
942 _2ddc
_cEN
_h371.2
_mCHA
999 _c67898
_d67898